| 000 | 00538nam a22001817a 4500 | ||
|---|---|---|---|
| 005 | 20251108165943.0 | ||
| 008 | 250721s9999 xx 000 0 ara d | ||
| 082 | 1 | 4 | _aط/811.9/أحم |
| 100 | 1 | _aزرزور، أحمد | |
| 245 | 1 | 0 |
_aواحة المرح : _bأشعار / |
| 264 | 1 |
_aالقاهره : _bشركة سفير، _c[19-]. |
|
| 300 | _a14ص | ||
| 490 | 0 | _aسلسلة الأغاني و الأناشيد ؛ 11 | |
| 650 | 1 | 7 | _aالشعر العربي |
| 650 | 1 | 7 | _aالشعر الحديث |
| 942 |
_2ddc _cBK |
||
| 999 |
_c35752 _d35752 |
||